000
00303 a2200109 4500
020
_a
9789359629117
100
_a
Sheela Tomy
245
_a
Kilinochiyile salabhangal (കിളിനോച്ചിയിലെ ശലഭങ്ങൾ)
250
_a
2nd
260
_b
Mathrubhumi books
_c
2025
942
_c
OO
999
_c
115787
_d
115786